Dates marquantes de la vie politique française (III) - Statistiques

Statistiques générales
  • Ce quiz a été pris 91 fois
  • Le résultat moyen est 9 sur 15
Statistiques - réponses
Evénement(s) Date(s) % Correct
Election de François Mitterrand à la Présidence de la République 1981
94%
Proclamation de la IIIème République par Léon Gambetta 1870
89%
Mort du Général de Gaulle 1970
84%
"Vous n'avez pas le monopole du coeur" (Valéry Giscard d'Estaing) 1974
78%
Les Cent-jours de Napoléon Ier 1815
70%
Création du Front National 1972
70%
Référendum sur « le projet de loi relatif à la création de régions et à la rénovation du Sénat » par de Gaulle 1969
69%
Grèves pour la réforme des retraites d'Alain Juppé 1995
65%
Déclenchement de l'affaire Cahuzac 2012
59%
Mort de Victor Hugo 1885
58%
Révélations du Canard enchaîné sur l'affaire des "diamants" 1979
52%
La Toussaint rouge 1954
48%
Affaire du Rainbow Warrior (explosion du bateau de l'association Greepeace par les services secrets français) 1985
41%
Création du Parti radical 1901
38%
La Marseillaise devient l'hymne national français 1879
32%
Aucun quiz correspondant
Distribution des résultats
% des personnes avec chaque résultat
Percentile par nombre de réponses
Votre historique - résultats
Vous n’avez pas pris ce quiz